Представление документа в формате RUSMARC

ПолеНазваниеЗначение
  Тип записи a
  Библиографический уровень a
001 Контрольный номер RU/CBS_UL/BASE/0b58132201864de4a328eb50cec43dd0
005 Дата корректировки 20231219003750.3
100 Данные общей обработки __
a Данные общей обработки 20231219 ||| 0rusy0189 ca
101 Язык документа 0_
a Язык текста rus
102 Страна публикации __
a Страна публикации RU
200 Заглавие и сведения об ответственности 1_
a Заглавие "Ситуация в Прибалтике не позволяет ждать в бездействии"
e Сведения, относящиеся к заглавию [публикация архивных документов, раскрывающих использование националистическими силами трактовки присоединения стран Прибалтики к СССР как оккупацию, обусловленную дополнительными протоколами к пакту Молотова - Риббентропа, в информационных кампаниях по демонтажу СССР]
f Первые сведения об ответственности А. Сорокин
g Последующие сведения об ответственности публ. подгот. М. Дацишина
300 Общие примечания __
a Общие примечания 16+
320 Библиография __
a Библиография Библиогр.: с. 129
461 Уровень набора _0
1 2000
a Родина
463 Уровень физической единицы _0
1 2000
a № 10
v С. 123-129 : фот.
1 2101
d 2019
1 001RU/CBS_UL/BASE/661188619
606 Тематические рубрики 0_
a Основная рубрика Распад СССР, 1991 г.
610 Ключевые слова 0_
a Ключевые слова история СССР
610 Ключевые слова 0_
a Ключевые слова распад государства
610 Ключевые слова 0_
a Ключевые слова демонтаж советского строя
610 Ключевые слова 0_
a Ключевые слова прибалтийские республики
610 Ключевые слова 0_
a Ключевые слова националистические движения
610 Ключевые слова 0_
a Ключевые слова информационные войны
610 Ключевые слова 0_
a Ключевые слова пакт Молотова-Риббентропа
610 Ключевые слова 0_
a Ключевые слова исторические документы
610 Ключевые слова 0_
a Ключевые слова исторические архивы
686 Индексы других классификаций __
2 Код системы rubbk
a Классификационный индекс 63.3(2)634-05
700 Автор _1
a Фамилия Сорокин
b Имя (инициалы) А.
801 Источник записи _0
a Страна RU
b Организация МБУК ЦБС г. Ульяновска
c Дата составления 20231219
g Правила каталогизации RCR
801 Источник записи _1
a Страна RU
b Организация МБУК ЦБС г. Ульяновска
c Дата составления 20231219
g Правила каталогизации RCR
901 Тип документа __
t Тип документа b
w Контрольный № источника RU/CBS_UL/BASE/661188619